Information Processing & Management <An> International Journal

Saved in:
Bibliographic Details
Format: Serial
Language:English
Published: Oxford ELSEVIER 2018
Tags: Add Tag
No Tags, Be the first to tag this record!

MARC

LEADER 00000nas2a2200000 4500
001 0242231
005 20220303085618.4
022 |a 0306-4573 
041 0 |a eng 
044 |a US 
245 1 0 |a Information Processing & Management  |b <An> International Journal 
264 1 |a Oxford  |b ELSEVIER  |c 2018 
773 0 |w eu_un_cat*0193862 
774 0 |w eu_un_cat*0282293